Indie Games by Pictures #1 - Statistics

General Stats
  • This quiz has been taken 494 times
  • The average score is 9 of 20
Answer Stats
Picture Answer % Correct
Hollow Knight
96%
Terraria
83%
Untitled Goose Game
76%
The Stanley Parable
63%
Totally Accurate Battle Simulator
62%
A Hat In Time
59%
Mouthwashing
50%
Spelunky
47%
Inscryption
46%
Just Shapes and Beats
44%
There Is No Game: Wrong Dimension
41%
Unravel
34%
Animal Well
31%
Outer Wilds
28%
Mini Metro
23%
Cave Story
22%
Worms
21%
Among the Sleep
15%
Bastion
13%
Emily Wants To Play
11%
No matching quizzes found
Score Distribution
Percent of People with Each Score
Percentile by Number Answered
Your Score History
You have not taken this quiz